000 00612nam a2200229Ia 4500
003 OSt
005 20220928102007.0
006 a|||||r|||| 00| 0
007 ta
008 220927b |||||||| |||| 00| 0 eng d
024 _a49155
037 _cTextual
040 _aSDCL
_cSDCL
_beng
041 _2eng
_aeng
082 _aO152,1N7:g, L4
100 _aAavasthe Om Prakash
_9396120
245 0 _aNaye kavita ke bad.
260 _aKanpur
_bPustak santhan Prakashan
_c1974
300 _a136p.
_ccm.
942 _hO152,1N7:g, L4
_cTEXL
_2CC
999 _c711831
_d711831